000 00298nam a22001217a 4500
020 _a9789350042366
082 _222
_a005.1
100 _aN/A
245 _aConcepts of programming and Opps /
260 _aNew Delhi,
_bDreamtech,
_cc2011.
300 _axii, 236p. ;
_bill. ;
_c24 cm.
942 _2ddc
_cIT
_010
999 _c462
_d462